| Tag |
First Indicator |
Second Indicator |
Subfields |
| LEADER |
00000cam a2200000 a 4500 |
| 001 |
in00002785218 |
| 005 |
20151202171604.0 |
| 008 |
120423s2012 caua b 001 0 eng |
| 010 |
|
|
|a 2012493648
|
| 020 |
|
|
|a 9781770890176 (pbk. : alk. paper)
|
| 020 |
|
|
|a 1770890173 (pbk. : alk. paper)
|
| 020 |
|
|
|a 9781770890152 (CAN : pbk.)
|
| 020 |
|
|
|a 1770890157 (CAN : pbk.)
|
| 035 |
|
|
|a (OCoLC)ocn777601883
|
| 040 |
|
|
|a DLC
|c DLC
|d TXA
|d UtOrBLW
|
| 049 |
|
|
|a TXAM
|
| 050 |
0 |
0 |
|a QB982
|b .T87 2012
|
| 082 |
0 |
0 |
|a 523.1
|2 23
|
| 100 |
1 |
|
|a Turok, Neil.
|
| 245 |
1 |
4 |
|a The universe within :
|b from quantum to cosmos /
|c Neil Turok.
|
| 264 |
|
1 |
|a Toronto :
|b House of Anansi Press,
|c 2012.
|
| 300 |
|
|
|a x, 292 pages :
|b illustrations (some color) ;
|c 21 cm.
|
| 336 |
|
|
|a text
|b txt
|2 rdacontent
|
| 337 |
|
|
|a unmediated
|b n
|2 rdamedia
|
| 338 |
|
|
|a volume
|b nc
|2 rdacarrier
|
| 490 |
1 |
|
|a Massey lectures series
|
| 504 |
|
|
|a Includes bibliographical references and index.
|
| 520 |
|
|
|a Turok explores the transformative scientific discovers of the past three centuries, from classical mechanics to the nature of light and the evolution of the cosmos, and shows how they created shifts in the organization of society. He argues that we are on the cusp of another major transformation: the coming quantum revolution that will supplant our current digital age.
|
| 505 |
0 |
|
|a Magic that works -- Our imaginary reality -- What banged? -- The world in an equation -- The opportunity of all time.
|
| 650 |
|
0 |
|a Cosmology
|v Popular works.
|
| 650 |
|
0 |
|a Physics
|x Philosophy.
|
| 650 |
|
0 |
|a Physics
|v Popular works.
|
| 650 |
|
0 |
|a Physics
|x History.
|
| 650 |
|
0 |
|a Discoveries in science.
|
| 650 |
|
0 |
|a Research
|x Social aspects.
|
| 830 |
|
0 |
|a Massey lectures series.
|
| 945 |
|
|
|a PromptCat
|
| 948 |
|
|
|a cataloged
|b h
|c 2012/12/3
|d c
|e dmitchel
|f 9:00:00 am
|
| 994 |
|
|
|a C0
|b TXA
|
| 999 |
|
|
|a MARS
|
| 999 |
f |
f |
|s 78566d14-d170-388a-9708-8d7cfa5d8ba6
|i 23d13935-a0a9-3c78-ad4c-0ff40661093d
|t 0
|
| 952 |
f |
f |
|p normal
|a Texas A&M University
|b College Station
|c Sterling C. Evans Library
|d Evans: Library Stacks
|t 0
|e QB982 .T87 2012
|h Library of Congress classification
|i unmediated -- volume
|m A14835933007
|
| 998 |
f |
f |
|a QB982 .T87 2012
|t 0
|l Evans: Library Stacks
|